000 01294nam a2200325 a 4500
001 000111940
003 CHAP
005 20220329144237.0
008 151016s2015 mx a fsm |||||||spa d
010 _a108401
011 _a109373
040 _cCHAP
090 _aTesis
100 1 _aMiranda Ruiz, Dania
_9129951
245 1 0 _aValoración económica de los servicios ambientales en el suelo de conservación del Distrito Federal /
_h[En línea]
_cpor Dania Miranda Ruiz y Víctor Omar Hernández Almaraz.
260 _aChapingo, Méx. :
_bEl autor,
_c2015.
500 _aPara ver el contenido del material haga clic en la liga
502 _aTesis (Ing. en Restauración Forestal) -- UACH. División de Ciencias Forestales
590 _aE6096MTM
_b05
_c20151016
_lUCH01
_h0830
590 _aE6096MTM
_b05
_c20151016
_lUCH01
_h0834
650 1 4 _aMedio ambiente
_xContaminación
_zMéxico (D. F.).
_974080
650 1 4 _aRecursos naturales
_xAdministración.
_995175
650 1 4 _aRecursos naturales
_xConservación
_zMéxico (D.F.).
_995265
650 1 4 _aSuelos
_xConservación
_zMéxico (D.F.).
_9110323
700 1 _aHernández Almaraz, Víctor Omar
_9129952
856 _aFinding aid
_uhttp://10.13.5.2/tesis/sist111940.pdf
_zTeclea aquí
901 _aBK
942 _cTESIS
942 _n0
999 _c108401
_d108401